00531nam a2200181Ia 4500008004100000020001800041082000800059100002400067245005800091250000600149260002500155300001700180500002400197650001400221942000700235952009000242999001700332230524s9999 xx 000 0 und d a9781259006234 bPAT aSukumar Pati942196 2aA Textbook on Fluid Mechanics and Hydraulic Machanies a2 aNew DelhibTMHc2013 a"XX,22.24p;" aQuantity Number: 1 aMechanics cBK 00104070aTATCLbTATCLcGENd2023-05-24l0o PATp53948r2023-05-24w2023-05-24yBK c56547d56547